Giáo trình thương phẩm hàng thực phẩm

Bewaard in:
Bibliografische gegevens
Hoofdauteur: Lữ, Quý Ho
Formaat: Boek
Taal:Vietnamese
Gepubliceerd in: Giáo dục 2008
Tags: Voeg label toe
Geen labels, Wees de eerste die dit record labelt!
Thư viện lưu trữ: Mạng thư viện Đại học Đà Nẵng
LEADER 00631nam a2200253 4500
001 000021010
003 17457
005 20150401150458.0
008 150401s2008 viesd
020 |c 23.500 
041 0 |a vie 
082 1 4 |a 664  |b LƯ-H 
100 1 |a Lữ, Quý Hoà 
245 1 0 |a Giáo trình thương phẩm hàng thực phẩm  |c Lữ Quý Hoà. 
260 |b Giáo dục  |c 2008 
300 |a tr.  |c cm. 
OWN |a LSP 
999 |a From the UDN01 
TYP |a Monograph 
TYP |a Printed language 
980 |a Mạng thư viện Đại học Đà Nẵng